[Event "Heraklion op 28th"]
[Site "Heraklion"]
[Date "2020.01.06"]
[Round "5"]
[White "Bras, Emanouel"]
[Black "Lirindzakis, Timotheos"]
[Result "0-1"]
[WhiteElo "1842"]
[BlackElo "2149"]
[PlyCount "82"]
[EventDate "2020.01.03"]
[EventType "swiss"]
[EventRounds "9"]
[EventCountry "GRE"]
[SourceTitle "CBM 194 Extra"]
[Source "ChessBase"]
[SourceDate "2020.03.31"]
[SourceVersion "1"]
[SourceVersionDate "2020.03.31"]
[SourceQuality "1"]

1. f4 c5 2. Nf3 Nc6 3. e3 g6 4. Be2 Bg7 5. 0-0 Nf6 6. c3 0-0 7. d4 d5 8. Ne5 Qc7 9. Nd2 b6 10. Ndf3 Bb7 11. Bd2 Ne4 12. Be1 e6 13. Nd2 Nxd2 14. Qxd2 Ne7 15. Rf3 Nf5 16. g4 Nd6 17. Bd3 c4 18. Bc2 Ne4 19. Bxe4 dxe4 20. Rh3 f6 21. Nxg6 hxg6 22. f5 exf5 23. gxf5 Qd7 24. Qf2 Qxf5 25. Qg2 Rae8 26. Bf2 Bc8 27. Rg3 Kf7 28. Rf1 Qh5 29. Be1 Bf5 30. Qc2 Bd7 31. h4 Kg8 32. Rf2 b5 33. Rfg2 Bf5 34. b3 Rf7 35. a4 cxb3 36. Qxb3 bxa4 37. Qxa4 Rb8 38. Qa2 Bf8 39. Qd5 Bg7 40. Qd6 Rb1 41. Kf1 Rfb7 0-1

[Event "Heraklion op 27th"]
[Site "Heraklion"]
[Date "2019.09.05"]
[Round "4"]
[White "Burnett, Leon P"]
[Black "Bras, Emanouel"]
[Result "1/2-1/2"]
[WhiteElo "1849"]
[BlackElo "1838"]
[PlyCount "58"]
[EventDate "2019.09.03"]
[EventType "swiss"]
[EventRounds "9"]
[EventCountry "GRE"]
[SourceTitle "EXT 2020"]
[Source "ChessBase"]
[SourceDate "2019.10.17"]
[SourceVersion "1"]
[SourceVersionDate "2019.10.17"]
[SourceQuality "1"]

1. c4 e5 2. g3 Nf6 3. Bg2 d5 4. cxd5 Nxd5 5. Nc3 Nb6 6. Nf3 Nc6 7. 0-0 Be7 8. Rb1 0-0 9. b4 a6 10. a3 f5 11. d3 Be6 12. Bb2 Bf6 13. Na4 Nxa4 14. Qxa4 Qe8 15. Nd2 Rb8 16. Rfc1 Bd7 17. Qd1 Qd8 18. Nb3 Nd4 19. Bxd4 exd4 20. Nc5 c6 21. Nxd7 Qxd7 22. a4 Rfc8 23. Qb3+ Qf7 24. b5 Qxb3 25. Rxb3 cxb5 26. Rxc8+ Rxc8 27. Bd5+ Kf8 28. axb5 Rc5 29. Bxb7 Rxb5 1/2-1/2

[Event "Heraklion op 27th"]
[Site "Heraklion"]
[Date "2019.09.03"]
[Round "1"]
[White "Bras, Emanouel"]
[Black "Kalaitzakis, Emmanouil"]
[Result "1-0"]
[WhiteElo "1838"]
[BlackElo "1079"]
[PlyCount "41"]
[EventDate "2019.09.03"]
[EventType "swiss"]
[EventRounds "9"]
[EventCountry "GRE"]
[SourceTitle "EXT 2020"]
[Source "ChessBase"]
[SourceDate "2019.10.17"]
[SourceVersion "1"]
[SourceVersionDate "2019.10.17"]
[SourceQuality "1"]

1. d4 e5 2. dxe5 Nc6 3. Nf3 Qe7 4. g3 Nxe5 5. Nxe5 Qxe5 6. Bg2 Nf6 7. 0-0 Bc5 8. Nc3 c6 9. e4 0-0 10. Bf4 Qe7 11. Na4 Bb6 12. Bd6 Qe6 13. Nxb6 axb6 14. Bxf8 Kxf8 15. e5 Qxe5 16. Re1 Qxb2 17. Qd6+ Kg8 18. Rad1 Qxc2 19. Qc7 h6 20. Rd6 Qxa2 21. Qd8+ 1-0

[Event "Hersonissos op 3rd"]
[Site "Hersonissos"]
[Date "2019.05.18"]
[Round "4"]
[White "Steiner, Juraj"]
[Black "Bras, Emanouel"]
[Result "0-1"]
[WhiteElo "1939"]
[BlackElo "1765"]
[PlyCount "50"]
[EventDate "2019.05.15"]
[EventType "swiss"]
[EventRounds "9"]
[EventCountry "GRE"]
[SourceTitle "CBM 190 Extra"]
[Source "ChessBase"]
[SourceDate "2019.07.15"]
[SourceVersion "1"]
[SourceVersionDate "2019.07.15"]
[SourceQuality "1"]

1. d4 d5 2. c4 c6 3. cxd5 cxd5 4. Nc3 Nf6 5. Bf4 Bf5 6. e3 e6 7. Bxb8 Rxb8 8. Bb5+ Nd7 9. Nf3 Bd6 10. Ne5 Bxe5 11. dxe5 0-0 12. Bxd7 Qxd7 13. 0-0 Qc7 14. Qd4 b5 15. Rac1 Rfc8 16. g4 Bg6 17. h4 Qe7 18. g5 Rc4 19. Qd1 Rxh4 20. f4 h6 21. gxh6 Rxh6 22. Qe1 b4 23. Ne2 Be4 24. Ng3 Qh4 25. Qf2 Qh1+ 0-1

[Event "Heraklion op 24th"]
[Site "Heraklion"]
[Date "2018.09.07"]
[Round "6"]
[White "Kotsinis, Alexandros"]
[Black "Bras, Emanouel"]
[Result "1-0"]
[WhiteElo "1549"]
[BlackElo "1832"]
[PlyCount "55"]
[EventDate "2018.09.03"]
[EventType "swiss"]
[EventRounds "9"]
[EventCountry "GRE"]
[SourceTitle "CBM 186 Extra"]
[Source "ChessBase"]
[SourceDate "2018.08.24"]
[SourceVersion "1"]
[SourceVersionDate "2018.08.24"]
[SourceQuality "1"]

1. d4 d5 2. c4 c6 3. Nf3 Nf6 4. Nc3 Bf5 5. Nh4 Bc8 6. Nf3 Bf5 7. Nh4 Bc8 8. Nf3 a6 9. cxd5 cxd5 10. Bf4 Nc6 11. e3 Bg4 12. h3 Bxf3 13. Qxf3 e6 14. Rc1 Bd6 15. Bg5 Qb6 16. Bd3 Qxb2 17. 0-0 Nd7 18. e4 Nxd4 19. Qe3 e5 20. exd5 0-0 21. Ne4 Qa3 22. Rc3 Nf5 23. Qf3 Nd4 24. Qh5 Qa5 25. Nf6+ Nxf6 26. Bxf6 h6 27. Qg4 g5 28. Qe4 1-0

[Event "Heraklion op 24th"]
[Site "Heraklion"]
[Date "2018.09.06"]
[Round "5"]
[White "Bras, Emanouel"]
[Black "Lirindzakis, Timotheos"]
[Result "0-1"]
[WhiteElo "1832"]
[BlackElo "2143"]
[PlyCount "83"]
[EventDate "2018.09.03"]
[EventType "swiss"]
[EventRounds "9"]
[EventCountry "GRE"]
[SourceTitle "CBM 186 Extra"]
[Source "ChessBase"]
[SourceDate "2018.08.24"]
[SourceVersion "1"]
[SourceVersionDate "2018.08.24"]
[SourceQuality "1"]

1. d4 Nf6 2. Nf3 d5 3. c3 e6 4. Bf4 Bd6 5. e3 Bxf4 6. exf4 0-0 7. Nbd2 b6 8. Bd3 Ba6 9. Qe2 Bxd3 10. Qxd3 Qd6 11. g3 c5 12. 0-0 cxd4 13. cxd4 Nc6 14. Rfc1 Rfc8 15. a3 Ne7 16. Nb3 Qd8 17. Kg2 Ne4 18. Qd1 Nd6 19. Nbd2 Qd7 20. Qf1 Qb7 21. h4 Ne4 22. Nb3 Nf5 23. Kg1 Rc4 24. g4 Nfd6 25. Ne5 Rcc8 26. f3 Nf6 27. Kf2 Nd7 28. Rxc8+ Rxc8 29. Rc1 f6 30. Nxd7 Qxd7 31. Rxc8+ Qxc8 32. Qc1 Qc4 33. Qd1 Qb5 34. Kg3 Nc4 35. Qc2 a5 36. a4 Qb4 37. Qc3 Qxc3 38. bxc3 Nb2 39. Nd2 Nxa4 40. c4 Kf7 41. cxd5 exd5 42. f5 0-1

[Event "Crete-chT"]
[Site "Crete"]
[Date "2018.04.29"]
[Round "7.17"]
[White "Bras, Emanouel"]
[Black "Alimpinisis, Nikolaos"]
[Result "1-0"]
[WhiteElo "1894"]
[BlackElo "2095"]
[PlyCount "81"]
[EventDate "2018.04.09"]
[EventType "team-tourn"]
[EventRounds "7"]
[EventCountry "GRE"]
[SourceTitle "EXT 2019"]
[Source "ChessBase"]
[SourceDate "2018.10.10"]
[SourceVersion "1"]
[SourceVersionDate "2018.10.10"]
[SourceQuality "1"]

1. d4 d5 2. Nf3 e6 3. Bf4 Bd6 4. Bxd6 Qxd6 5. Nc3 Nf6 6. e3 Nbd7 7. Be2 c5 8. 0-0 0-0 9. Rc1 a6 10. Na4 c4 11. Nc3 b5 12. Qe1 Bb7 13. Nh4 g6 14. f4 b4 15. Nd1 Ne4 16. Rf3 Qe7 17. Rh3 Kg7 18. Nf2 Nxf2 19. Qxf2 Nf6 20. Rf1 Ne4 21. Qe1 f6 22. Bf3 Rf7 23. Bxe4 dxe4 24. f5 exf5 25. Nxg6 Qd6 26. Qh4 Kg8 27. Nf4 Kf8 28. Rg3 Ke7 29. Nh5 Bc8 30. Rg8 Qc6 31. Ng7 Ra7 32. Rxc8 Qxc8 33. Nxf5+ Kd7 34. Qxe4 Qc6 35. d5 Qc5 36. Qe6+ Kd8 37. Nd4 Rad7 38. Rxf6 Qxd5 39. Qxd5 Rxd5 40. Rxf7 Ra5 41. Rf5 1-0

[Event "Heraklion op 23rd"]
[Site "Heraklion"]
[Date "2018.04.10"]
[Round "2"]
[White "Bras, Emanouel"]
[Black "Serpetsidakis, Georgios"]
[Result "1-0"]
[WhiteElo "1894"]
[BlackElo "1412"]
[PlyCount "53"]
[EventDate "2018.04.09"]
[EventType "swiss"]
[EventRounds "9"]
[EventCountry "GRE"]
[SourceTitle "CBM 184 Extra"]
[Source "ChessBase"]
[SourceDate "2018.06.28"]
[SourceVersion "1"]
[SourceVersionDate "2018.06.28"]
[SourceQuality "1"]

1. d4 d5 2. Nf3 Nf6 3. Bf4 e6 4. e3 a6 5. Nc3 Nbd7 6. Be2 c5 7. 0-0 Be7 8. h3 0-0 9. Ne5 Ne8 10. Bf3 Ndf6 11. Na4 c4 12. b3 Nd6 13. Rb1 Bd7 14. Nc5 Bc6 15. bxc4 Nxc4 16. Nxc4 Bxc5 17. dxc5 dxc4 18. Bxc6 bxc6 19. Qe2 c3 20. Bd6 Re8 21. e4 Qa5 22. Rb7 e5 23. Qc4 Re6 24. Bxe5 Nxe4 25. Rfb1 Rae8 26. Qxe4 Rxe5 27. Qxe5 1-0

[Event "Heraklion op 20th"]
[Site "Heraklion"]
[Date "2017.04.21"]
[Round "6"]
[White "Damia, Angelo"]
[Black "Bras, Emanouel"]
[Result "1-0"]
[WhiteElo "2417"]
[BlackElo "1898"]
[PlyCount "61"]
[EventDate "2017.04.17"]
[EventType "swiss"]
[EventRounds "9"]
[EventCountry "GRE"]
[SourceTitle "CBM 177 Extra"]
[Source "ChessBase"]
[SourceDate "2017.04.27"]
[SourceVersion "1"]
[SourceVersionDate "2017.04.27"]
[SourceQuality "1"]

1. c4 e5 2. Nc3 Nf6 3. f4 exf4 4. d4 Nh5 5. Nh3 g6 6. Qd3 Bg7 7. Qe4+ Qe7 8. Qxe7+ Kxe7 9. Nd5+ Kd8 10. Nhxf4 Nxf4 11. Bxf4 d6 12. Bg5+ Kd7 13. 0-0-0 c6 14. Nc3 f6 15. Bf4 Ke7 16. d5 g5 17. dxc6 gxf4 18. Nd5+ Kf7 19. Nc7 Nxc6 20. Nxa8 Bh6 21. Nc7 Bf5 22. Kd2 Ne5 23. b3 Ng4 24. Ke1 Ne3 25. Rxd6 Rc8 26. Nd5 b5 27. Rxf6+ Kg7 28. Nxe3 Kxf6 29. Nxf5 Kxf5 30. g3 bxc4 31. Bh3+ 1-0

[Event "Heraklion op 20th"]
[Site "Heraklion"]
[Date "2017.04.18"]
[Round "3"]
[White "Galanakis, Nikos"]
[Black "Bras, Emanouel"]
[Result "0-1"]
[WhiteElo "1588"]
[BlackElo "1898"]
[PlyCount "81"]
[EventDate "2017.04.17"]
[EventType "swiss"]
[EventRounds "9"]
[EventCountry "GRE"]
[SourceTitle "CBM 177 Extra"]
[Source "ChessBase"]
[SourceDate "2017.04.27"]
[SourceVersion "1"]
[SourceVersionDate "2017.04.27"]
[SourceQuality "1"]

1. c4 e5 2. Nc3 Nf6 3. g3 d5 4. cxd5 Nxd5 5. Bg2 Nb6 6. Nf3 Nc6 7. 0-0 Be7 8. b3 0-0 9. Bb2 f5 10. d3 a6 11. a3 Be6 12. Qc2 Bf6 13. Rfd1 Qe7 14. Rab1 g5 15. e3 g4 16. Nd2 Qf7 17. Nc4 Nxc4 18. dxc4 e4 19. Ne2 Bxb2 20. Qxb2 Qg7 21. Nf4 Qxb2 22. Rxb2 Kf7 23. Rbd2 Rad8 24. h3 Rxd2 25. Rxd2 h5 26. Nxh5 gxh3 27. Bxh3 Ne5 28. Bg2 b5 29. cxb5 axb5 30. Rc2 Bxb3 31. Rxc7+ Ke6 32. Nf4+ Kd6 33. Rc3 Bd1 34. Rc1 Bg4 35. Rb1 Rc8 36. Kf1 Rc3 37. Ra1 Nc4 38. Ke1 Nxa3 39. Ra2 b4 40. Kd2 Nb1+ 41. Ke1 0-1

[Event "Heraklion op 19th"]
[Site "Heraklion"]
[Date "2017.01.04"]
[Round "4"]
[White "Bras, Emanouel"]
[Black "Brokalakis Gounaris, Christos"]
[Result "1/2-1/2"]
[WhiteElo "1894"]
[BlackElo "1729"]
[PlyCount "91"]
[EventDate "2017.01.02"]
[EventType "swiss"]
[EventRounds "9"]
[EventCountry "GRE"]
[SourceTitle "CBM 176 Extra"]
[Source "ChessBase"]
[SourceDate "2017.03.02"]
[SourceVersion "1"]
[SourceVersionDate "2017.03.02"]
[SourceQuality "1"]

1. d4 d5 2. c4 c6 3. cxd5 cxd5 4. Bf4 Nf6 5. Nc3 Nc6 6. e3 e6 7. Bd3 a6 8. Nf3 Be7 9. h3 0-0 10. 0-0 Bd7 11. Ne5 Rc8 12. Nxc6 Bxc6 13. Bg5 Ne8 14. Bxe7 Qxe7 15. Ne2 Nd6 16. Nf4 Bb5 17. Bxb5 Nxb5 18. Nd3 Rc7 19. Rc1 Rfc8 20. Qb3 Rxc1 21. Nxc1 g6 22. Nd3 Nd6 23. Rc1 Rxc1+ 24. Nxc1 Qc7 25. Nd3 Qc4 26. Qxc4 Nxc4 27. b3 Nd6 28. Nc5 Kf8 29. f3 Ke7 30. Kf2 a5 31. Ke2 b6 32. Na4 Nc8 33. e4 f5 34. exd5 exd5 35. Ke3 Ke6 36. h4 h6 37. g4 fxg4 38. fxg4 Kf6 39. a3 Ke6 40. Nb2 Nd6 41. Nd3 g5 42. hxg5 hxg5 43. Ne5 Nb5 44. a4 Nd6 45. Kd3 Ne4 46. Kc2 1/2-1/2

[Event "Heraklion op 17th"]
[Site "Heraklion"]
[Date "2016.05.09"]
[Round "9"]
[White "Ristic, Nenad"]
[Black "Bras, Emanouel"]
[Result "1-0"]
[WhiteElo "2426"]
[BlackElo "1922"]
[PlyCount "111"]
[EventDate "2016.05.02"]
[EventType "swiss"]
[EventRounds "9"]
[EventCountry "GRE"]
[SourceTitle "CBM 172 Extra"]
[Source "ChessBase"]
[SourceDate "2016.06.21"]
[SourceVersion "1"]
[SourceVersionDate "2016.06.21"]
[SourceQuality "1"]

1. e4 c6 2. Nc3 d5 3. Nf3 dxe4 4. Nxe4 Bg4 5. h3 Bxf3 6. Qxf3 e6 7. Qb3 Qb6 8. Qg3 Qd4 9. d3 Nf6 10. Nxf6+ gxf6 11. c3 Qe5+ 12. Qxe5 fxe5 13. f4 Bd6 14. fxe5 Bxe5 15. d4 Bg3+ 16. Kd1 Nd7 17. Kc2 Nf6 18. Bd3 Nd5 19. Rf1 h5 20. Bd2 h4 21. Rf3 f5 22. Raf1 Kd7 23. c4 Ne7 24. Re3 Rhg8 25. Be2 Rac8 26. Kb1 a6 27. Rb3 Rb8 28. a4 Bh2 29. Bf3 b5 30. axb5 axb5 31. Ra3 bxc4 32. Ra7+ Kd6 33. g4 Nd5 34. Bxd5 Kxd5 35. gxf5 Rg1 36. Rd7+ Ke4 37. Rxg1 Bxg1 38. fxe6 Bxd4 39. e7 Bf6 40. Bc3 Bg5 41. Kc2 c5 42. Rd6 Re8 43. Re6+ Kf4 44. Re1 Kf3 45. Rg1 Be3 46. Rg7 Bd4 47. Rf7+ Ke4 48. Bd2 Be3 49. Bxe3 Kxe3 50. Kc3 Ke4 51. Kxc4 Ke5 52. Kxc5 Ke6 53. Rh7 Kd7 54. b4 Rc8+ 55. Kd5 Rb8 56. e8Q+ 1-0

[Event "Heraklion op 17th"]
[Site "Heraklion"]
[Date "2016.05.08"]
[Round "8"]
[White "Bras, Emanouel"]
[Black "Burg, Brent"]
[Result "1/2-1/2"]
[WhiteElo "1922"]
[BlackElo "2232"]
[PlyCount "134"]
[EventDate "2016.05.02"]
[EventType "swiss"]
[EventRounds "9"]
[EventCountry "GRE"]
[SourceTitle "CBM 172 Extra"]
[Source "ChessBase"]
[SourceDate "2016.06.21"]
[SourceVersion "1"]
[SourceVersionDate "2016.06.21"]
[SourceQuality "1"]

1. d4 d6 2. c4 f5 3. Nc3 Nf6 4. Nf3 g6 5. e3 Bg7 6. Be2 0-0 7. 0-0 c6 8. Qc2 Qe8 9. b4 a5 10. b5 h6 11. Ba3 Nbd7 12. Rae1 c5 13. Nd5 Nxd5 14. cxd5 b6 15. dxc5 dxc5 16. Bc4 Ne5 17. Nxe5 Bxe5 18. f4 Bf6 19. Bb2 Kg7 20. e4 fxe4 21. Bxf6+ Rxf6 22. Qxe4 Ra7 23. h3 h5 24. Qe5 Qd8 25. Rf3 Qd6 26. Qc3 Bf5 27. Rfe3 Kf7 28. Re5 Bc8 29. Qg3 Rc7 30. Qg5 Kg7 31. Bd3 e6 32. dxe6 Re7 33. R1e3 Rexe6 34. Bc4 Rxe5 35. fxe5 Qd1+ 36. Kh2 Rf2 37. Rg3 Qc2 38. Bd3 Rxg2+ 39. Rxg2 Qxd3 40. Rd2 Qxh3+ 41. Kg1 Bg4 42. Qf6+ Kh7 43. Qf7+ Kh6 44. Qf4+ Kg7 45. Rd8 Bf5 46. e6 Qc3 47. Rd7+ Kf6 48. Rd6 Qe1+ 49. Kg2 Qe2+ 50. Qf2 Qg4+ 51. Kf1 Qc4+ 52. Kg2 Ke7 53. Rxb6 Qd5+ 54. Kh2 Bxe6 55. Qh4+ g5 56. Qxh5 Qxa2+ 57. Kg1 Qa1+ 58. Kf2 Qd4+ 59. Ke1 Qg1+ 60. Kd2 Qd4+ 61. Ke1 Qb4+ 62. Kf2 Qf4+ 63. Ke1 Qe3+ 64. Qe2 Qg1+ 65. Kd2 Qd4+ 66. Ke1 Qc3+ 67. Kf2 Qd4+ 1/2-1/2

[Event "Heraklion op 17th"]
[Site "Heraklion"]
[Date "2016.05.03"]
[Round "2"]
[White "Bras, Emanouel"]
[Black "Theodorou, Nikolas"]
[Result "0-1"]
[WhiteElo "1922"]
[BlackElo "2450"]
[PlyCount "94"]
[EventDate "2016.05.02"]
[EventType "swiss"]
[EventRounds "9"]
[EventCountry "GRE"]
[SourceTitle "CBM 172 Extra"]
[Source "ChessBase"]
[SourceDate "2016.06.21"]
[SourceVersion "1"]
[SourceVersionDate "2016.06.21"]
[SourceQuality "1"]

1. d4 d6 2. c4 e5 3. dxe5 dxe5 4. Qxd8+ Kxd8 5. e3 c6 6. Nf3 f6 7. Be2 a5 8. Nc3 Na6 9. Bd2 Nc5 10. 0-0 Nh6 11. Ne1 Bf5 12. f3 Kc7 13. e4 Bd7 14. Be3 Ne6 15. Nc2 Bc5 16. Bxc5 Nxc5 17. Rfd1 Nf7 18. Rd2 h5 19. Rad1 Rad8 20. Kf2 h4 21. Ne1 Ng5 22. Nc2 Nge6 23. Bf1 Nf4 24. Ne1 g6 25. Nd3 Nfxd3+ 26. Bxd3 Be6 27. Be2 Rxd2 28. Rxd2 Bf7 29. Nd1 Ne6 30. Ne3 Nd4 31. Bf1 Be6 32. Nd1 b5 33. cxb5 cxb5 34. Nc3 Rb8 35. b3 b4 36. Nd5+ Bxd5 37. exd5 Kd6 38. f4 Kxd5 39. Bc4+ Kd6 40. fxe5+ fxe5 41. Ke3 Rf8 42. a3 bxa3 43. Ra2 Kc5 44. Ke4 Kb4 45. Kxe5 a4 46. Kxd4 axb3 47. Ra1 Rf4+ 0-1